|
|
|
|
| LEADER |
00000nab a2200000 a 4500 |
| 001 |
vtls000503059 |
| 003 |
SK-MaSNL |
| 005 |
20260304092918.0 |
| 008 |
250425c1993 xo 0 slo |
| 015 |
|
|
|a SNBRB19rr/mm-uuuuu
|
| 035 |
|
|
|a CL0503197
|
| 035 |
|
|
|a urn:nbn:sk:snk-ab9wgl
|
| 035 |
|
|
|a (urnnbn)urn:nbn:sk:snk:ar-a092f4
|
| 035 |
|
|
|a (uuid)c88f2557-7759-48ae-be40-704fda23860f
|
| 040 |
|
|
|a SNKBUCL
|b slo
|c SNKBUCL
|e AACR2
|
| 041 |
0 |
|
|a slo
|
| 044 |
|
|
|a xo
|c SK
|
| 080 |
|
|
|a 943.76"17"
|2 1981
|
| 080 |
|
|
|a 82(091):885.4"17"
|2 1981
|
| 080 |
|
|
|a 885.4(091)"17"
|2 1981
|
| 100 |
1 |
|
|a Horváth, Pavel,
|d 1926-1999
|4 aut
|9 13541
|
| 245 |
1 |
0 |
|a Liptovskí členovia Slovenského učeného tovarišstva
|c Pavel Horváth
|
| 610 |
2 |
7 |
|a Slovenské učené tovarišstvo
|2 snkbucl
|9 57428
|
| 655 |
|
7 |
|a články z novín a časopisov
|2 snkbucl
|9 267496
|
| 655 |
|
7 |
|a články z odboru literárna veda a krásna literatúra
|2 snkbucl
|9 770045
|
| 773 |
0 |
|
|t Verbum
|g Roč. 4, č. 5 (1993), s. 278-281
|x 1210-1605
|
| 850 |
|
|
|a Slovenská národná knižnica
|
| 852 |
|
|
|a Slovenská národná knižnica
|
| 954 |
|
|
|a odborná, vedecká literatúra pôvodná (slovenská)
|2 lita
|
| 958 |
|
|
|a article13
|
| 958 |
|
|
|a OND
|
| 958 |
|
|
|a RK
|
| 958 |
|
|
|a LX
|
| 958 |
|
|
|a EUIPO
|
| 992 |
|
|
|a RBX
|
| 999 |
|
|
|c 2820788
|d 2822718
|